| 000 | 00704nam a22002177a 4500 | ||
|---|---|---|---|
| 999 |
_c16071 _d16071 |
||
| 003 | AR-CdUCM | ||
| 008 | 190502b ||||| |||| 00| 0 spa d | ||
| 040 |
_aMUNICIPALIDAD PROVINCIAL DEL CUSCO _cBIBLIOTECA MUNICIPAL DEL CUSCO |
||
| 082 |
_a886.6 / _bJ61 |
||
| 100 |
_aJiménez de Asúa, Luis _99133 |
||
| 245 | _aPolítica, figuras, paisajes / | ||
| 260 |
_aMadrid : _bHistoria Nueva, _c1927. |
||
| 300 |
_a298, xi paginas ; _c19 cm. |
||
| 505 | _aContenido: Temas políticos --Temas culturales --Temas estéticos / | ||
| 650 |
_aLiteratura espoñola _935344 |
||
| 650 |
_aEnsayos _9375 |
||
| 650 |
_aPolitica _9291 |
||
| 650 |
_aSigloXX _92896 |
||
| 942 |
_2ddc _cLIBROS |
||
| 945 |
_arjall _d2019-05-02 |
||